Pays du monde commençant par G - Avec carte - Statistiques

Statistiques générales
  • Ce quiz a été pris 2 386 fois
  • Le résultat moyen est 9 sur 11
Réponses sur la Carte
Les réponses sont colorées sur une échelle allant du rouge au vert en fonction du pourcentage des utilisateurs qui les ont devinées à leur premier essai. Vous pouvez retrouver ces pourcentages ci-dessous.
 
Statistiques - réponses
Continent Pays % Correct
Europe Grèce
94%
Amérique du Nord Guatemala
91%
Afrique Guinée
90%
Afrique Gabon
89%
Afrique Ghana
86%
Afrique Guinée Équatoriale
84%
Amérique du Sud Guyana
84%
Asie Géorgie
83%
Afrique Guinée-Bissau
82%
Afrique Gambie
79%
Amérique du Nord Grenade
70%
Aucun quiz correspondant
Distribution des résultats
% des personnes avec chaque résultat
Percentile par nombre de réponses
Votre historique - résultats
Vous n’avez pas pris ce quiz